000 00851nam a2200265Ia 4500
003 OSt
005 20220926015437.0
006 a|||||r|||| 00| 0
007 ta
008 220923b |||||||| |||| 00| 0 eng d
020 _a1403962022
037 _cGeneral Book
040 _aRTL
_cRTL
_beng
041 _2eng
_aeng
082 _aY73(Q8441).2.M1, P4
100 _aMadra Amandeep Singh
245 0 _aSicques, Tigers, or Thieves
_b Eyewitness Accounts of the Sikhs (1606-1809)
260 _aNew York
_bPalgrave Macmillan
_c2004
300 _axxv,397p
_ccm.
500 _aBibliography: p365-371; Appendix: p349-64
650 _aEthnology Sikhs
_9305161
700 _a Paramjit Singh Ed.
_9322293
942 _hY73(Q8441).2.M1, P4
_cGB
_2CC
999 _c631551
_d631551